000
00269nam a22001097a 4500
008
240529b |||||||| |||| 00| 0 eng d
100
_a
Narayan, Shyam
_9
14810
245
_a
Maak Bina Raabel
260
_a
Bombay:
_b
Lok Sewa Mandal;
_c
1968.
300
_a
122p.
942
_c
BK
999
_c
38249
_d
38249